000 00770nam a2200229Ii 4500
003 JO-AjNU
008 230605s9999||||xx |||||||||||||| ||und||
017 _a2000/9/2645
020 _a9957-414-07-5
040 _aJO-AjNU
_bara
_erda
_cJO-AjNU
041 _aara
050 1 4 _aHG1616.M3.A3562 2000
100 3 _aاحمد، احمد محمود,
_eauthor
_933019
245 0 0 _aتسويق الخدمات المصرفية : مدخل نظري - تطبيقي
250 _aط1
264 3 1 _aعمان: دار البركة، 2000
300 _a409ص
_bيحتوي على ببلوغرافية من 403-409ص
336 _atext
_btxt
_2rdacontent
337 _aunmediated
_bn
_2rdamedia
338 _avolume
_bnc
_2rdacarrier
650 4 _aالبنوك -التسويق
_933020
999 _aA13395
_c16963
_d16963